| 000 | 00591nac a22001811u 4500 | ||
|---|---|---|---|
| 020 | _a8121904331 | ||
| 082 | 0 | 0 |
_a339 _bA287 |
| 090 |
_c1048 _d1048 |
||
| 100 | _aAhuja, H. L. | ||
| 245 | 1 | 0 |
_aMacroeconomic theory and policy / _cH. L. Ahuja, |
| 250 | _a10th ed. | ||
| 260 |
_aNew Delhi : _bS Chand & Co., _c2005. |
||
| 300 |
_a650 p. : _bill. ; _c24 cm. |
||
| 504 | _aIncludes bibliographies and index. | ||
| 650 | 0 | _aMacroeconomics. | |
| 942 |
_cBB _k339A287 |
||
| 999 |
_c1048 _d1048 |
||